Forest biodiversity : (Record no. 88494)

MARC details
000 -LEADER
fixed length control field 00663nam a22002057a 4500
005 - DATE AND TIME OF LATEST TRANSACTION
control field 20140911112103.0
010 ## - LCCN (DPL NO)
LC control number ENG-110808
020 ## - INTERNATIONAL STANDARD BOOK NUMBER
International Standard Book Number 9788171327515
Terms of availability 700.00
035 ## - SYSTEM CONTROL NUMBER
System control number EN-94340
037 ## - SOURCE OF ACQUISITION
Source of stock number/acquisition DBAD/PUB
082 ## - DEWEY DECIMAL CLASSIFICATION NUMBER
Classification number 577.30954
245 ## - TITLE STATEMENT
Title Forest biodiversity :
Statement of responsibility, etc edited by Arvind Bijalwan [and] Chandra Prakash Kala
Remainder of title conservation and management /
260 ## - PUBLICATION, DISTRIBUTION, ETC. (IMPRINT)
Place of publication, distribution, etc Jaipur
Name of publisher, distributor, etc Pointer Publishers
Date of publication, distribution, etc 2013
270 ## - ADDRESS
Address 807, Vyas Building, Chaura Rasta
City Jaipur
Postal code 302003
300 ## - PHYSICAL DESCRIPTION
Extent xiii,186p.
Dimensions 22cm(Hb)
500 ## - GENERAL NOTE
General note Includes index
700 ## - ADDED ENTRY--PERSONAL NAME
Personal name Bijalwan, Arvind
700 ## - ADDED ENTRY--PERSONAL NAME
Personal name Kala, Chandra Prakash
942 ## - ADDED ENTRY ELEMENTS (KOHA)
Source of classification or shelving scheme Dewey Decimal Classification
Item type English Books
Call number suffix FOR
Classification part 577.30954
Holdings
Withdrawn status Lost status Not for loan Collection code Home library Current library Date acquired Source of acquisition Cost, normal purchase price Full call number Barcode Copy number Cost, replacement price Koha item type
    Not For Loan Non-fiction D.B.Act.Division D.B.Act.Division 10/09/2014 DBAD/PUB 700.00 577.30954 FOR EN-94340 1 700.00 English Books

© Delhi Public Library
Hit Counter
free hit counter